| 000 | 00527nam a22001697a 4500 | ||
|---|---|---|---|
| 003 | OSt | ||
| 005 | 20160610152347.0 | ||
| 008 | 131002t xxu||||| |||| 00| 0 eng d | ||
| 050 |
_aLB 2822.75 _b.Ex96 2002 |
||
| 082 |
_aTR 371.2 _b.Ex1 2002 |
||
| 245 |
_aExamining student work : _bfacilitator's guide / |
||
| 260 |
_aAlexandria, VA : _b Association for Supervision and Curriculum Development, _cc2002. |
||
| 300 |
_a198 p. : _c28 cm. |
||
| 650 |
_aCurriculum _xStudy and Teaching. _922769 |
||
| 942 |
_2lcc _cBK |
||
| 999 |
_c12648 _d12648 |
||